000 00630nam a22001337a 4500
040 _cRUA
082 _aAGI LEA 2015 B512 Or.1
100 _aLEAK CHHENGLA; ល័ក្ខ ឆេងឡា
245 _aEffects of chitosan coating on quality of tomato in different storage conditions. ឥទ្ធិពលនៃខៃតូសាន Coatilng ទៅលើគុណភាពរបស់ផ្លែប៉េងប៉ោះនៅក្នុងលក្ខខណ្ណស្តុកទុកផ្សេងៗគ្នា
260 _aRUA
_bLEA
_c2015
300 _aviii,32p.
_bill.
_c29cm.
856 _u LEAK CHHENGLA
942 _cAGI
999 _c8998
_d8998